000 00678nam a2200229Ia 4500
003 GCL
008 140319s9999 xx 000 0 ara d
040 _aGCL /
_cGCL
082 0 4 _a910.9
_bم ر
100 1 _aمحمد سليمان
245 1 0 _aرسائل سائر من بلاد العرب الى بلاد اليونان /
_cمحمد سليمان
700 1 _aعلى محمد ندى
260 _a[S.N] :
_bدار الكتب المصرية
300 _a264 ص
490 _a
650 0 4 _aالعالم العربى
650 0 4 _aتاريخ
650 0 4 _aالاحوال الاجتماعية
650 0 4 _aالرحلات
650 0 4 _aالمدن
942 _2ddc
_cBK
999 _c58453
_d58453